000 00887nam a22002177a 4500
003 OSt
005 20250917174553.0
008 240326b ||||| |||| 00| 0 eng d
040 _c0
082 _aDPer 621.381 In821 September 2022 v. 37 n. 9
100 _aLiu, Senyi.
_eauthor.
_955466
245 _aImproved flux weakening control strategy for five-phase PMSM considering harmonic voltage vectors /
_cSenyi Liu, Chunhua Liu, Hang Zhao, Yuxin Liu, and Zhiping Dong.
260 _aNew York ;
_bThe Institute of Electrical and Electronics Engineers, Inc. ,
_cSeptember 2022.
300 _aVolume 37, pages 10967-10980 :
_billustration ;
_c28 cm.
700 _aLiu, Senyi.
_eauthor.
_955466
700 _aLiu, Chunhua.
_eauthor.
_955467
700 _aZhao, Hang.
_eauthor.
_955468
700 _aLiu, Yuxin.
_eauthor.
_955469
700 _aDong, Zhiping.
_eauthor.
_955470
942 _2ddc
_cPER
999 _c19877
_d19877